000 00693nam a2200253Ia 4500
003 OSt
005 20221007104626.0
006 a|||||r|||| 00| 0
007 ta
008 221006b |||||||| |||| 00| 0 eng d
024 _a16,392
037 _cTextual
040 _aLCO
_cLCO
_beng
041 _2eng
_aeng
082 _aZ2,7,11q N08, M0
100 _aMulla
_9683289
245 0 _aKey to India Practice being a summary of the Code of Civil Procedure
250 _a6th
260 _aBombay
_bN.M.Tripathi Pvt. Ltd India
_c1980
300 _a96
650 _aCIVIL PROCEDURE
_9681550
942 _hZ2,7,11q N08, M0
_cTEXL
999 _c1185955
_d1185955